logo

Bir Sreshtho Munshi Abdur Rouf Library
Jhenaidah Cadet College

নির্বাচিত প্রবন্ধ / (Record no. 1602)

MARC details
000 -LEADER
fixed length control field 00677nam a2200229 a 4500
001 - CONTROL NUMBER
JCCL Control Number 1602
003 - CONTROL NUMBER IDENTIFIER
JCCL marc code BD-JhCC
005 - DATE AND TIME OF LATEST TRANSACTION
control field 20171024114315.0
008 - FIXED-LENGTH DATA ELEMENTS--GENERAL INFORMATION
fixed length control field 171022s2005 bg |||| ||a| 000 0 ben d
020 ## - INTERNATIONAL STANDARD BOOK NUMBER
International Standard Book Number 9848683305
035 ## - SYSTEM CONTROL NUMBER
system control number (BD-JhCC)1602
040 ## - CATALOGING SOURCE
Original cataloging agency BD-JhCC
Modifying agency BD-JhCC
041 ## - LANGUAGE CODE
Language code of Book ben
082 ## - DEWEY DECIMAL CLASSIFICATION NUMBER
Classification number 891.4409
Author mark and Year MAM 2005
100 ## - MAIN ENTRY--PERSONAL NAME
Personal name মামুন, মুনতাসীর
245 ## - TITLE STATEMENT
Title নির্বাচিত প্রবন্ধ /
Statement of responsibility, etc মুনতাসীর মামুন
260 ## - PUBLICATION, DISTRIBUTION, ETC. (IMPRINT)
Place of publication, distribution, etc ঢাকা :
Name of publisher, distributor, etc অন্যপ্রকাশ,
Date of publication, distribution, etc 2005.
300 ## - PHYSICAL DESCRIPTION
Pagination 352 p. :
Dimensions 22 cm.
650 ## - SUBJECT ADDED ENTRY--TOPICAL TERM
Topical term or geographic name as entry element Selective Bengali Eassys
942 ## - ADDED ENTRY ELEMENTS (KOHA)
Source of classification or shelving scheme Dewey Decimal Classification
Koha item type Books
Holdings
Source of classification or shelving scheme Damaged status Not for loan Home library Current library Shelving location Date of accession Cost, normal purchase price Total Checkouts Full call number Barcode Date last seen Date checked out Copy number Koha item type
Dewey Decimal Classification     JCC Rouf Library JCC Rouf Library General Stacks 10/22/2017 275.00 1 891.4409 MAM 2005 2890 01/12/2019 09/26/2018 C-1 Books
Dewey Decimal Classification     JCC Rouf Library JCC Rouf Library General Stacks 10/23/2017 275.00   891.4409 MAM 2005 3101 10/23/2017   C-2 Books
Dewey Decimal Classification     JCC Rouf Library JCC Rouf Library General Stacks 10/24/2017 275.00   891.4409 MAM 2005 3176 10/24/2017   C-2 Books

JCC Library | Contacts | JCC Home

Last Update on 23 September 2017
Copyright @ 2017-2020 JCC Rouf Library
Rouf Library, Jhenidah Cadet College (JCC), Bangladesh